000 00376nam a2200145Ia 4500
008 230711s9999||||xx |||||||||||||| ||und||
041 _aENG
082 _a677
_bPA-S
100 _aPattabhiram,TK
245 0 _aSpinning processing method of man made fibre
250 _a1st Ed.
260 _c1996
_aNew Delhi
_bMahajan Publication
650 _aTextile Engineering
942 _cBK
999 _c3650
_d3650